Financial accounting for professional students. (Record no. 2995)
[ view plain ]
| 005 - DATE AND TIME OF LATEST TRANSACTION | |
|---|---|
| control field | 20250602103700.0 |
| 020 ## - INTERNATIONAL STANDARD BOOK NUMBER | |
| International Standard Book Number | 9976-78-012-5 |
| 082 ## - DEWEY DECIMAL CLASSIFICATION NUMBER | |
| Classification number | LECT 657.48 KIL |
| 100 ## - MAIN ENTRY--PERSONAL NAME | |
| Author name | KILLAGANE Y. S. M |
| 245 ## - TITLE STATEMENT | |
| Title | Financial accounting for professional students. |
| 260 ## - PUBLICATION, DISTRIBUTION, ETC. | |
| Place of publication, distribution, etc. | Dar es Salaam, |
| Name of publisher, distributor, etc. | NBAA, |
| Date of publication, distribution, etc. | 2000. |
| 300 ## - PHYSICAL DESCRIPTION | |
| Extent | xiii, 352p.: ill.; figure, table. |
| Dimensions | 29cm. |
| 942 ## - ADDED ENTRY ELEMENTS (KOHA) | |
| Source of classification or shelving scheme | Dewey Decimal Classification |
| Koha item type | Books |
| Date last seen | Total checkouts | Full call number | Barcode | Cost, replacement price | Price effective from | Koha item type | Lost status | Source of classification or shelving scheme | Damaged status | Not for loan | Withdrawn status | Home library | Current library | Shelving location | Date acquired | Cost, normal purchase price | Source of acquisition |
|---|---|---|---|---|---|---|---|---|---|---|---|---|---|---|---|---|---|
| 06/28/2025 | LECT 657.48 KIL | DOM000330 | 45000.00 | 06/02/2025 | Books | Dewey Decimal Classification | CBE Dodoma | CBE Dodoma | General Collection | 05/25/2001 | 15000.00 | Library budget | |||||
| 06/02/2025 | LECT 657.48 KIL | 00000010616 | 45000.00 | 06/02/2025 | Books | Dewey Decimal Classification | College of Business Education Main Library | College of Business Education Main Library | General Collection | 05/25/2001 | 15000.00 |
